| 000 | 00879nam a2200217Ii 4500 | ||
|---|---|---|---|
| 003 | JO-AjNU | ||
| 008 | 230605s9999||||xx |||||||||||||| ||und|| | ||
| 017 | _a2011/6/2434 | ||
| 040 |
_aJO-AjNU _bara _erda _cJO-AjNU |
||
| 041 | _aara | ||
| 050 | 1 | 4 | _aDS99.D3.A28 2012 |
| 100 | 3 |
_aأبو الشعر، هند غسان, _eauthor _949188 |
|
| 245 | 0 | 0 | _aمجتمع دمشق أواخر أيام الدولة المملوكية: يوميات شهاب الدين اجمد بن طوق المعروفة(بالتعليق) مصدرا (885-908 هجري/ 1480-1502م) |
| 250 | _aط1 | ||
| 264 | 3 | 1 | _aالمفرق: جامعة ال البيت، 2012 |
| 300 | _a269ص | ||
| 336 |
_atext _btxt _2rdacontent |
||
| 337 |
_aunmediated _bn _2rdamedia |
||
| 338 |
_avolume _bnc _2rdacarrier |
||
| 650 | 4 |
_aدمشق-تاريخ سوريا،المماليك (885-908 هجري/ 1480-1502م) _949189 |
|
| 999 |
_aA21589 _c25157 _d25157 |
||